Statistics for All Continents in 30 seconds

Click here to take the quiz!

General Stats

  • This quiz has been taken 48 times
  • The average score is 5 of 6

Answer Stats

HintAnswer% Correct
1Africa
95%
2Asia
95%
4North America
95%
6South America
95%
3Europe
93%
5Oceania
71%

Score Distribution

Percentile by Number Answered

Percent of People with Each Score

Your Score History

You have not taken this quiz